000 00559nam a2200169 a 4500
001 000028121
005 20200930031352.0
008 110406s1999 dr 000 0 spa d
040 _aDO-SdBNP
_bspa
_cBNPHU
100 1 _aArvelo, Alejandro
_9147
245 1 3 _aLa vocación sucesoria de los hijos naturales. /
_cAlejandro Arvelo, Robinson Cuello Sanlate.
260 _aSanto Domingo, :
_bEdita libros,
_c1999.
300 _a55 p. ;
_c14 cm.
500 _aIncluye datos biografícos de los autores.
700 1 _aCuello Sanlate, Robinson
_955127
049 _aBNPD
999 _c27613
_d27613